Estudio de prefactibilidad de la instalación de una planta procesadora de leche agria en el área de la ciudad de Masaya en el periodo 2015 - 2019
Presenta el estudio de prefactibilidad de la instalación de una planta procesadora de leche agria en el área de la ciudad de Masaya en el periodo 2015 – 2019, se realizó un estudio de mercado que permitió obtener la oferta y la demanda del mercado, un estudio técnico para analizar el tamaño ó...
| Main Authors: | , , |
|---|---|
| Other Authors: | |
| Format: | Tesis Section = Libro |
| Language: | Undetermined Spanish |
| Published: |
Managua
UNI
2015
|
| Subjects: |
| LEADER | 01607nam a2200313Ia 4500 | ||
|---|---|---|---|
| 008 | 240830s9999 xx 000 0 und d | ||
| 040 | |a BIBLIOTECA-RUPAP Mon 658.11 J37 | ||
| 041 | |a spa | ||
| 082 | |a Mon 658.11 J37 | ||
| 100 | 1 | |a Jarquín Huembes, Kathia Selene | |
| 100 | 1 | |b Zamuria López, Andrea Lucia | |
| 100 | 1 | |c Soriano García, Sayra Johanna. | |
| 245 | 1 | 0 | |a Estudio de prefactibilidad de la instalación de una planta procesadora de leche agria en el área de la ciudad de Masaya en el periodo 2015 - 2019 |
| 260 | |a Managua |b UNI |c 2015 | ||
| 300 | |a 170 p. :il. | ||
| 500 | |a Contiene: anexos e Incluye: CD. | ||
| 502 | |a Tesis (Ingeniero Industrial)- UNI, 2015. | ||
| 520 | 3 | |a Presenta el estudio de prefactibilidad de la instalación de una planta procesadora de leche agria en el área de la ciudad de Masaya en el periodo 2015 – 2019, se realizó un estudio de mercado que permitió obtener la oferta y la demanda del mercado, un estudio técnico para analizar el tamaño óptimo, la macro y micro localización, una estructura organizacional de la planta con responsabilidades y funciones y un estudio económico para la estimación de la inversión y la rentabilidad del mismo. | |
| 650 | 7 | |a PROCESAMIENTO DE LECHE ACIDA | |
| 650 | 7 | |b ACIDO LACTICO | |
| 650 | 7 | |c PLANTA PROCESADORA DE LECHE – PROYECTOS | |
| 650 | 7 | |d LECHE AGRIA – COMERCIO | |
| 650 | 7 | |e ESTUDIO DE MERCADO | |
| 650 | 7 | |f EMPRESAS PROYECTOS | |
| 650 | 7 | |h ESTUDIO ORGANIZACIONAL. | |
| 700 | 1 | |a Tutor: |b Chavarría González, Denis Róger | |
| 942 | |c BK |2 ddc | ||
| 991 | |a TESIS | ||
| 999 | |c 16933 | ||